[Event "Int. Championship of Central Serbia - OP"]
[Site "Paracin"]
[Date "2011.07.13"]
[Round "7.48"]
[White "Prijovic, Bojan"]
[Black "Markovic, Sasa"]
[Result "1/2-1/2"]
[WhiteElo "1957"]
[BlackElo "2198"]
[PlyCount "41"]
[EventDate "2011.07.08"]

1. e4 c5 2. Nf3 Nc6 3. d4 cxd4 4. Nxd4 Nf6 5. Nc3 d6 6. Be2 g6 7. O-O Bg7 8.
Be3 O-O 9. h3 a6 10. Nxc6 bxc6 11. Qd2 Re8 12. Rab1 Qc7 13. Bf3 Nd7 14. Bh6 Bh8
15. Be3 Bg7 16. Bh6 Bh8 17. Be3 Bg7 18. Rfe1 Ne5 19. Be2 Bb7 20. Bh6 Bh8 21.
Be3 1/2-1/2

[Event "Int. Championship of Central Serbia - OP"]
[Site "Paracin"]
[Date "2011.07.13"]
[Round "7.49"]
[White "Draskovic, Luka"]
[Black "Tonic, Milos"]
[Result "1/2-1/2"]
[WhiteElo "2135"]
[BlackElo "2151"]
[PlyCount "42"]
[EventDate "2011.07.08"]

1. e4 Nf6 2. e5 Nd5 3. d4 d6 4. c4 Nb6 5. exd6 cxd6 6. Nc3 g6 7. Be3 Bg7 8. Rc1
O-O 9. b3 Bf5 10. Nf3 Nc6 11. Be2 d5 12. c5 Nc8 13. O-O Bg4 14. b4 Bxf3 15.
Bxf3 e6 16. b5 Na5 17. Be2 Ne7 18. Bg5 h6 19. Bxe7 Qxe7 20. Qa4 b6 21. c6 Rac8
1/2-1/2